| 000 | 00368 a2200133 4500 | ||
|---|---|---|---|
| 001 | 92332 | ||
| 082 | _aPR 2387 | ||
| 090 |
_c44288 _d44289 |
||
| 100 | _aSyed Junaid ; Prof Athar and Asad Ikram (Advisors) | ||
| 245 |
_aDesign of Software for Weapon Delivery System _n60'B' EC |
||
| 260 |
_aIslamabad _bNUST _c2005 |
||
| 300 | _avii,153p. | ||
| 500 | _aBE Project Report | ||
| 942 |
_aCAE NUST _kPR 2387 |
||
| 999 |
_c327405 _d327405 |
||